<?xml version="1.0" encoding="UTF-8"?>
<record
    xmlns:xsi="http://www.w3.org/2001/XMLSchema-instance"
    xsi:schemaLocation="http://www.loc.gov/MARC21/slim http://www.loc.gov/standards/marcxml/schema/MARC21slim.xsd"
    xmlns="http://www.loc.gov/MARC21/slim">

  <leader>00627naa a22002057a 4500</leader>
  <controlfield tag="001">2162214035924863</controlfield>
  <controlfield tag="003">UA-OsUOA</controlfield>
  <controlfield tag="005">20240419120700.0</controlfield>
  <controlfield tag="008">240419b        un ||||| |||| 00| 0 ukr d</controlfield>
  <datafield tag="040" ind1=" " ind2=" ">
    <subfield code="a">UA-OsUOA</subfield>
    <subfield code="b">ukr</subfield>
    <subfield code="c">UA-OsUOA</subfield>
    <subfield code="d">UA-OsUOA</subfield>
  </datafield>
  <datafield tag="041" ind1=" " ind2=" ">
    <subfield code="a">ukr</subfield>
  </datafield>
  <datafield tag="080" ind1=" " ind2=" ">
    <subfield code="a">908</subfield>
  </datafield>
  <datafield tag="090" ind1=" " ind2=" ">
    <subfield code="a">908</subfield>
  </datafield>
  <datafield tag="100" ind1=" " ind2=" ">
    <subfield code="a">&#x414;&#x430;&#x43D;&#x438;&#x43B;&#x44E;&#x43A; &#x414;.</subfield>
    <subfield code="9">2511</subfield>
  </datafield>
  <datafield tag="245" ind1=" " ind2=" ">
    <subfield code="a">&#x422;&#x440;&#x438; &#x437;&#x443;&#x441;&#x442;&#x440;&#x456;&#x447;&#x456; &#x437; &#x443;&#x447;&#x435;&#x43D;&#x438;&#x43C;</subfield>
    <subfield code="c">&#x414;&#x43C;&#x438;&#x442;&#x440;&#x43E; &#x414;&#x430;&#x43D;&#x438;&#x43B;&#x44E;&#x43A;</subfield>
  </datafield>
  <datafield tag="300" ind1=" " ind2=" ">
    <subfield code="a">&#x421;. 43&#x2013;45</subfield>
  </datafield>
  <datafield tag="650" ind1=" " ind2=" ">
    <subfield code="2">UDC</subfield>
  </datafield>
  <datafield tag="773" ind1="0" ind2=" ">
    <subfield code="0">364501</subfield>
    <subfield code="9">328251</subfield>
    <subfield code="d">&#x41D;&#x44C;&#x44E;-&#x419;&#x43E;&#x440;&#x43A; 1999</subfield>
    <subfield code="o">91190</subfield>
    <subfield code="t">&#x41E;&#x441;&#x44F;&#x433;&#x43D;&#x435;&#x43D;&#x43D;&#x44F; &#x456;&#x441;&#x442;&#x43E;&#x440;&#x456;&#x457;</subfield>
    <subfield code="w">(UA-OsUOA) 78191 </subfield>
    <subfield code="z">966-95166-7-6</subfield>
  </datafield>
  <datafield tag="942" ind1=" " ind2=" ">
    <subfield code="2">udc</subfield>
    <subfield code="c">BKA</subfield>
  </datafield>
  <datafield tag="999" ind1=" " ind2=" ">
    <subfield code="c">576272</subfield>
    <subfield code="d">576272</subfield>
  </datafield>
</record>
